Connectionist Psychology: A text with readings (Record no. 115141)

MARC details
000 -LEADER
fixed length control field 00368nam a2200145Ia 4500
008 - FIXED-LENGTH DATA ELEMENTS--GENERAL INFORMATION
fixed length control field 230917s9999||||xx |||||||||||||| ||und||
040 ## - CATALOGING SOURCE
-- 95892
Original cataloging agency VIVEKANANDA LIBRARY
041 ## - Language
-- English
082 ## - DDC NUMBER
Classification number 150 E59C
100 ## - MAIN ENTRY--PERSONAL NAME
Personal name Ellis, Rob
245 #0 - TITLE STATEMENT
Title Connectionist Psychology: A text with readings
260 ## - PUBLICATION, DISTRIBUTION, ETC. (IMPRINT)
Place of publication, distribution, etc U K
Name of publisher, distributor, etc Psychology Press
Date of publication, distribution, etc 1999
300 ## - PHYSICAL DESCRIPTION
Pages xvi, 687 p.
942 ## - ADDED ENTRY ELEMENTS (KOHA)
Koha item type Books
Holdings
Withdrawn status Lost status Damaged status Not for loan Location (home branch) Sublocation or collection (holding branch) Date acquired Koha issues (times borrowed) Koha full call number Accession No. Koha date last seen Koha item type
        VIVEKANANDA LIBRARY VIVEKANANDA LIBRARY 16/07/2003   150 E59C 205126 17/09/2023 Books
© Designed and Maintained by Vivekananda Library, MDU Rohtak